| 000 | nam a22 7a 4500 | ||
|---|---|---|---|
| 999 |
_c219430 _d219430 |
||
| 003 | Nust | ||
| 005 | 20170207190322.0 | ||
| 008 | 170207b xxu||||| |||| 00| 0 eng d | ||
| 040 | _cNust | ||
| 082 | _a530 BER | ||
| 100 | _aBernstein, Jeremy | ||
| 245 |
_aModern Physics _bBernstein, Jeremy |
||
| 260 |
_aNew Delhi _bPearson Education _c2009 |
||
| 300 | _axix, 602 | ||
| 600 | _aFishbane, Paul | ||
| 600 | _aGasiorowicz, Stephen | ||
| 942 |
_2ddc _cBK |
||